Public relations in the local community (Record no. 372409)

000 -LEADER
fixed length control field 00334cam a22001217a 4500
008 - FIXED-LENGTH DATA ELEMENTS--GENERAL INFORMATION
fixed length control field 180718b1950 xxu||||| |||| 00| 0 eng d
082 ## - DEWEY DECIMAL CLASSIFICATION NUMBER
Classification number I54 L972
100 ## - MAIN ENTRY--PERSONAL NAME
Personal name Lundberg, Louis B.
245 ## - TITLE STATEMENT
Title Public relations in the local community
Statement of responsibility, etc. by Louis B. Lundberg
260 ## - PUBLICATION, DISTRIBUTION, ETC.
Place of publication, distribution, etc. New York
Name of publisher, distributor, etc. Harper
Date of publication, distribution, etc. 1950
300 ## - PHYSICAL DESCRIPTION
Extent 228p.
650 ## - SUBJECT ADDED ENTRY--TOPICAL TERM
Topical term or geographic name entry element Publicity
Holdings
Withdrawn status Lost status Damaged status Not for loan Permanent Location Current Location Date acquired Full call number Barcode Date last seen Price effective from Koha item type
        Indian Institute of Public Administration Indian Institute of Public Administration 1994-06-15 I54 L972 6889 2018-07-21 2018-07-21 Book

Powered by Koha